[Event "Sofia MTel Masters 4th"]
[Site "Sofia"]
[Date "2008.05.14"]
[Round "6"]
[White "Topalov, Veselin"]
[Black "Aronian, Levon"]
[Result "1-0"]
[WhiteElo "2767"]
[BlackElo "2763"]
[Annotator "Krasenkow,M"]
[PlyCount "139"]
[EventDate "2008.05.08"]
[EventType "tourn"]
[EventRounds "10"]
[EventCountry "BUL"]
[EventCategory "20"]
[SourceTitle "CBM 124"]
[Source "ChessBase"]
[SourceDate "2008.05.28"]
[SourceVersion "1"]
[SourceVersionDate "2008.05.28"]
[SourceQuality "1"]

1. d4 d5 2. c4 c6 3. Nf3 Nf6 4. Nc3 e6 5. e3 Nbd7 6. Bd3 dxc4 7. Bxc4 b5 8. Bd3
Bd6 9. O-O O-O 10. a3 Bb7 11. h3 {A prophylactic move anticipating 11...e5.} (
11. Qc2 {- see Svidler-Karjakin in this issue (Baku section).}) 11... e5 (11...
Qe7 12. Ng5 e5 13. Qc2 h6 14. Nge4 Bb8 15. Bd2 a5 16. Rfe1 Nxe4 17. Bxe4 Nf6
18. dxe5 Nxe4 19. Nxe4 Qxe5 20. f4 Qe7 21. Nc5 Ba7 22. Nxb7 Qxb7 23. Bxa5 Bxe3+
24. Rxe3 Rxa5 25. Rc1 b4 26. axb4 {1/2-1/2 Ostenstad,B-Stokke,K/Hamar 2007/CBM
119 ext}) (11... Re8 $5 12. e4 (12. Qc2 e5 {- game}) 12... e5 13. Bg5 a6 (13...
h6 14. Bh4 a6 15. Bc2 Rc8 16. Qd2 c5 17. dxc5 Bxc5 18. Rad1 Qb6 {1/2-1/2 Braun,
A-Ribli,Z/Germany 2007/CBM 118}) 14. Re1 c5 15. dxc5 Bxc5 16. Bc2 Qb6 17. Be3
Rad8 18. Qe2 Bxe3 19. Qxe3 Qxe3 20. Rxe3 Nb6 21. Bb3 h6 $11 {0-1 Tomic,
I-Pekarik,B/Croatia 2005/EXT 2007 (54)}) 12. Qc2 Re8 13. Bd2 Qe7 14. Ng5 $146 (
14. Ne4 Nxe4 15. Bxe4 Nf6 16. dxe5 Nxe4 17. Qxe4 {1/2-1/2 Gligoric,
S-Trifunovic,P/Bled 1961/MCL}) 14... h6 15. Nge4 Bc7 16. Rfe1 Bb6 17. Ng3 Rad8
18. Rad1 Qf8 19. Nce2 {[%mdl 32] Typical lengthy manoeuvring in a roughly
equal but complex position.} a6 (19... a5 $5) 20. b4 h5 $6 {This pawn will
eventually be weak.} (20... Nd5 {looks more solid.}) 21. Bc3 h4 22. Ne4 Nd5 23.
Nc5 Nxc5 24. dxc5 Bc7 25. Bb2 Bc8 $6 (25... Nf6 $5 {in order to make White's
access to the h4-pawn more difficult.}) 26. Bh7+ Kh8 27. Bf5 Bxf5 28. Qxf5 $14
{The weakness of Black's h4-pawn is now obvious.} Qe7 29. Nc3 Nxc3 30. Bxc3 Kg8
31. Qe4 Qe6 {Giving up the pawn at once for activity.} (31... Qf6 32. Qg4 Qe7
33. e4 {[%cal Rc3d2,Rd2g5]} Rxd1 34. Rxd1 Rd8 35. Rxd8+ Qxd8 36. Be1 {[%cal
Yf2f3]}) 32. Qxh4 ({Paradoxically,} 32. Rxd8 {, giving up the open file, was
probably more accurate:} Rxd8 (32... Bxd8 33. Rd1 Be7 $14 {is probably better})
33. Qxh4 f6 (33... Qb3 $2 34. Bxe5) (33... Rd3 34. Rc1 Qb3 35. Qe7 Qxa3 36. Rb1
$1 Qxc3 37. Qxc7 $16) 34. Qe4 Qb3 35. Ba1 Rd5 36. Qf5 {[%cal Rf5c8]} Rd8 37.
Rf1 Kf7 (37... Qxa3 $2 38. Qe6+) 38. h4 Qxa3 $140 39. Qf3 Rd5 40. Qh5+ Ke7 41.
Qh8 Kf7 42. Qc8 $16) 32... Qb3 $1 33. Rc1 (33. Rxd8 $4 Bxd8 $19) 33... Qxa3 $2
({After} 33... Rd3 $1 {White has nothing better than a lucky perpetual after}
34. Qe4 (34. Ba1 Qxa3 35. Qe4 Rd5) 34... Rxc3 35. Qxc6 Re7 36. Qa8+ Kh7 37.
Qe4+ Kg8 $1) 34. Qe4 {[%cal Re4c6,Re4c2] With an unexpected double threat: to
win the crucial c6 pawn and to trap the black queen.} a5 (34... Rd5 $2 35. Qc2
Qa4 36. Qb2 $18 {[%cal Rc1a1]}) 35. Qxc6 axb4 36. Bxb4 Qxb4 37. Qxc7 {The
white c-pawn is stronger than the black b-pawn.} Rc8 38. Qa7 Re6 39. Red1 Qe4 (
39... Rec6 40. Qe7 R6c7 41. Qxe5 Rxc5 42. Rxc5 Qxc5 43. Rd8+ Kh7 44. Rd5 $18)
40. Qd7 Rec6 41. Qb7 b4 42. Rd7 {White combines the threat of the pawn advance
with the attack on Black's b-pawn and his weakened king.} Qf5 43. Rd5 Rg6 44.
Kf1 b3 45. Qxb3 $18 {Two extra pawns are quite enough to win.} Qg5 46. g3 Qf5
47. Kg2 Rf6 48. Rd2 Qf3+ 49. Kh2 Rd6 $5 50. Qa2 (50. Rxd6 $5 Qxf2+ 51. Kh1 Qf3+
52. Kg1 Qxg3+ 53. Kf1 $18) 50... Rxd2 51. Qxd2 Rc6 52. Kg1 Rh6 53. Qd1 Qc6 54.
h4 Rf6 55. Qg4 g6 56. h5 Kg7 57. e4 Kh6 58. hxg6 fxg6 59. Kg2 Kg7 60. Qe2 Rf7
61. Rc4 g5 62. Qh5 Qf6 63. Rc2 Qd8 64. c6 Qd3 65. Qxg5+ Kf8 66. Qh6+ Kg8 67.
Rd2 Qxe4+ 68. Kh2 Rf8 69. c7 Qf5 70. f3 1-0

[Event "Sofia MTel Masters 4th"]
[Site "Sofia"]
[Date "2008.05.16"]
[Round "8"]
[White "Topalov, Veselin"]
[Black "Cheparinov, Ivan"]
[Result "1-0"]
[WhiteElo "2767"]
[BlackElo "2696"]
[Annotator "Krasenkow,M"]
[PlyCount "63"]
[EventDate "2008.05.08"]
[EventType "tourn"]
[EventRounds "10"]
[EventCountry "BUL"]
[EventCategory "20"]
[SourceTitle "CBM 124"]
[Source "ChessBase"]
[SourceDate "2008.05.28"]
[SourceVersion "1"]
[SourceVersionDate "2008.05.28"]
[SourceQuality "1"]

1. d4 Nf6 2. c4 g6 3. Nc3 d5 4. cxd5 Nxd5 5. Bd2 Nb6 6. Nf3 Bg7 7. e3 O-O 8.
Rc1 N8d7 (8... Nc6 $1 9. Bb5 e5 {is definitely more active - see opening
database in CBM 119}) 9. a4 $1 $146 {[%mdl 8]} (9. Be2 {is quite harmless:} e5
{Or else:} (9... c5 $6 10. O-O cxd4 11. Nxd4 Nc5 (11... Ne5 12. Ncb5 Bd7 13.
Ba5 Nc6 14. Nxc6 bxc6 15. Nd4 $14 {1/2-1/2 Gurevich,D-Sutovsky,E/Rishon Le
Ziyyon 2006/CBM 114 ext (53)}) 12. Ncb5 a6 13. Rxc5 axb5 14. Rxb5 e5 15. Nf3
$16 Rxa2 {0-1 Gurevich,D-Livshits,G/Rishon Le Ziyyon 2006/CBM 114 ext (48)} 16.
Bb4 $18) (9... c6 $5 10. O-O e5 11. Ne4 (11. b4 Re8 12. a4 e4 13. Ne1 Nf6 14.
b5 Bd7 15. a5 Nbd5 16. Nxd5 cxd5 17. Qb3 Bg4 18. Bxg4 Nxg4 19. h3 Nf6 20. Nc2
Qd7 21. Na3 {1/2-1/2 Burger,K-Byrne,D/New York 1969/MCD}) 11... Qe7 12. dxe5
Nxe5 13. Bc3 Rd8 14. Qc2 Bf5 15. Nd4 Bg4 16. Bxg4 Nxg4 17. Nf3 Bxc3 18. Nxc3
Re8 19. Rfd1 Nf6 $11 {0-1 Goehring,K-Gauglitz,G/Germany 1995/GER-chT2 (45)})
10. O-O (10. d5 e4 11. Nxe4 Nxd5 12. Qb3 c6 13. O-O Re8 14. Nd6 Nc5 15. Rxc5
Qxd6 $11 {1/2-1/2 Hottes,D-Fritsch,R/Germany 1989/GER-chT2 (23)}) 10... exd4
11. Nxd4 Ne5 (11... c6 $5 12. b4 Re8 13. a4 Ne5 14. Ne4 Nec4 15. Bxc4 Nxc4 (
15... Rxe4 $2 16. Bxf7+ $1 $16 {1-0 Smyslov,V-Stein,L/Moskva 1969/Inf 08 (50)})
16. Rxc4 Rxe4 17. Nxc6 Qd5 18. Rxe4 Qxe4 19. Nd4 Bd7 $44) (11... Nf6 12. b4 c6
13. a4 a6 14. Qb3 Qe7 15. Rfd1 Rd8 16. a5 Nbd5 $11 17. Na4 $6 Ne4 18. Be1 Nf4
19. Bf3 Bxd4 20. exd4 Ng5 $40 {0-1 Kholmov,R-Szabo,L/Budapest 1970/MCD (56)})
12. Ne4 Re8 (12... Nd5 13. Qb3 c6 14. Rfd1 Qe7 15. Ng3 f5 16. a3 Kh8 $13 {
0-1 Reisel,F-Fabian,J/Slovakia 1999/EXT 2001 (46)}) (12... Qh4 13. Nc5 (13. f4
$5) 13... Nd5 14. Nf3 Qe7 15. Qb3 c6 16. e4 Nxf3+ 17. Bxf3 $14 {0-1 Duer,
A-Naumann,A/Linz 2000/EXT 2001 (53)}) 13. Qc2 (13. Nc5 c6 14. b4 Nd5 15. Ncb3
Qe7 16. b5 cxb5 17. Bxb5 Rd8 18. Qc2 Bg4 19. Rfe1 {1/2-1/2 Gligoric,S-Uhlmann,
W/Rovinj/Zagreb 1970/Inf 09}) 13... Nd5 14. Rfd1 c6 15. b4 Qe7 16. Qb3 Ng4 17.
Ng3 Bxd4 18. exd4 Qh4 19. Bxg4 Bxg4 20. Re1 Bd7 21. Qd3 Qd8 22. a3 {1/2-1/2
Toran Albero,R-Unzicker,W/Palma de Mallorca 1969/MCD}) (9. e4 c5 $5 10. d5 Ne5
11. Nxe5 Bxe5 12. Be3 e6 13. Bxc5 exd5 14. Bxf8 Qxf8 15. exd5 Qb4 16. Bd3 Bg4
17. Qb3 Qf4 $44 {0-1 David,V-Le Roux,J/France 2007/CBM 121 Extra (26)}) 9... a5
10. e4 {This is the point! ...c7-c5 will now weaken the b5 square.} e5 (10...
c5 11. d5 {[%csl Rb5]} f5 $6 {is quite dubious.}) 11. d5 c6 {This move is
necessary sooner or later. Black could also start with} (11... Nf6) 12. Bg5 $5
Bf6 $6 (12... Nf6 $1 13. dxc6 bxc6 14. Qxd8 Rxd8 15. Be3 $1 (15. Nxe5 Re8 16.
Nxc6 Bd7 17. Bb5 Nxe4 $44) 15... Nbd7 (15... Rb8 $2 16. Nxe5) 16. Bc4 $14) (
12... f6 $143 13. Be3 $16) 13. Be3 {[%csl Rd7,Rf6]} (13. h4 $5) 13... Qe7 (
13... cxd5 14. exd5 (14. Nxd5 Nxd5 15. Qxd5 Nb8 16. Qxd8 Rxd8 17. Bb6 Re8 18.
Bb5 $36) 14... e4 15. Nxe4 Bxb2 (15... Re8 16. Nc3 $16) 16. Rc2 Bg7 17. Bb5 $16
) 14. d6 Qe6 15. b3 Bg7 16. h4 {After completely tying up Black's pieces White
starts a decisive attack.} f5 {Desperation.} 17. Ng5 Qf6 18. b4 $1 f4 (18...
axb4 19. Qb3+ Kh8 20. Qxb4 c5 21. Qb3 {and Black has no moves!}) 19. Bxb6 Nxb6
20. bxa5 Nd7 21. a6 $1 Kh8 (21... bxa6 22. Nd5 Qxd6 23. Rxc6 $1 Qa3 24. h5 $18)
22. Nb1 $6 (22. a5 bxa6 23. Na4 {was more natural.}) 22... Bh6 23. Nf3 bxa6 {
Collapsing at once but Black could hardly organize any defense anyway:} (23...
Re8 24. Be2 Re6 (24... Bf8 25. Ng5) 25. axb7 Bxb7 26. Qb3 Bc8 27. Ng5 $1 $18)
24. Rxc6 Bb7 (24... Rb8 25. Nc3) 25. Rc7 Bxe4 26. Rxd7 Qf5 27. Rc7 Bxb1 28. Ng5
$1 Bg7 29. Bc4 Bc2 30. Qd5 h6 31. Rf7 Qc8 32. Rxg7 (32. Rxg7 Kxg7 33. Qxe5+ Rf6
34. Qe7+ $18) 1-0

[Event "Grand Slam Final 1st"]
[Site "Bilbao"]
[Date "2008.09.04"]
[Round "3"]
[White "Carlsen, Magnus"]
[Black "Topalov, Veselin"]
[Result "0-1"]
[WhiteElo "2775"]
[BlackElo "2777"]
[Annotator "Krasenkow,M"]
[PlyCount "112"]
[EventDate "2008.09.02"]
[EventType "tourn"]
[EventRounds "10"]
[EventCountry "ESP"]
[EventCategory "21"]
[SourceTitle "CBM 126"]
[Source "ChessBase"]
[SourceDate "2008.10.01"]
[SourceVersion "1"]
[SourceVersionDate "2008.10.01"]
[SourceQuality "1"]

1. d4 Nf6 2. c4 e6 3. Nf3 d5 4. Nc3 Be7 5. Bg5 h6 6. Bh4 O-O 7. e3 b6 8. Bd3
Bb7 9. O-O Nbd7 10. Bg3 c5 11. cxd5 Nxd5 12. Nxd5 Bxd5 13. e4 (13. Rc1 {
- see Gelashvili-Lputian in CBM 104.}) (13. Qe2) 13... Bb7 14. Rc1 a6 $5 $146 {
[%cal Rb6b5][%mdl 8] Veselin Topalov deviates from his own game against
Kasimdzhanov.} (14... Nf6 {is usually played, with quite a decent position for
Black:} 15. Qe2 (15. dxc5 Bxc5 16. Qe2 Nh5 17. Be5 a5 18. Rfd1 Qe7 19. a3 Rfd8
20. h3 Nf6 21. Nd2 a4 22. Bb1 Rac8 23. Nf3 Rxd1+ 24. Rxd1 Rd8 {1/2
Kasimdzhanov,R (2690)-Topalov,V (2769)/Vitoria Gasteiz 2007/CBM 121 (46)})
15... Nh5 (15... Rc8 16. dxc5 Rxc5 17. Rxc5 Bxc5 18. Bh4 Qc7 19. Bxf6 gxf6 $13
{0-1 Simeonidis,I (2261)-Kosintseva,N (2480)/Kusadasi 2006/CBM 111 ext (28)})
16. Rfd1 Nxg3 17. hxg3 cxd4 18. Ba6 Bxa6 19. Qxa6 Rc8 $11 ({but not} 19... e5
$2 20. Nxe5 Bf6 21. Nc6 Qe8 22. e5 $16 {1-0 Danner,G (2408)-Upton,T (2250)/
Gothenburg 2005/CBM 109 (48)})) (14... cxd4 $143 15. Bc7 Qe8 16. Nxd4 Nc5 17.
Bb5 Qc8 18. Be5 f6 19. Bf4 $14 {1-0 Banikas,H (2571)-Tassopoulos,M (2271)/
Kallithea Halkidiki GRE 2008/The Week in Chess 714 (24)}) 15. b4 {Hardly a
successful attempt to refute Black's last move.} (15. Re1 b5 16. d5 exd5 (16...
c4 $5 $13) 17. exd5 Bxd5 18. Bh7+ Kxh7 19. Qxd5 Nf6 20. Qxd8 Bxd8 21. Rxc5 Bb6
22. Rc6 Nd5 $11) 15... cxb4 16. Bc7 $6 {White's compensation for the pawn will
now be insufficient.} (16. Rc7 $142 Ra7 $1 {[%cal Yd7f6,Yf6e8]} (16... Rb8 $143
17. Qe2 Nf6 18. Rfc1 $44) 17. Bxa6 (17. Qe2 $143 Nf6 18. Be5 Ne8 19. Rc2 Nd6
20. Rfc1 Nb5 $1 $15) 17... Rxa6 18. Rxb7 Rxa2 19. Qb1 Ra8 20. Rc1 $44) 16...
Qe8 17. Qe2 b5 18. Ba5 Rc8 19. Qb2 Nf6 {[%mdl 32] This game perfectly
illustrates the situation when a "strong pawn centre" is rather weak!} 20. Rxc8
Qxc8 21. Nd2 $2 {After this mistake Black keeps his material advantage but
White had no equality after the best} (21. Re1 Qc3 $1 (21... Qa8 $143 22. Nd2)
22. Qxc3 bxc3 23. Bxc3 Rc8 24. Bd2 b4 $15 {[%csl Gb4,Re4]}) 21... Qc3 $1 22.
Qxc3 bxc3 23. Bxc3 Rc8 24. Ba5 (24. Bb2 Bb4 25. Rd1 Bxd2 26. Rxd2 Bxe4 $19) (
24. Rc1 Bb4 25. Nb1 Bxe4 $19) 24... Bd8 $1 25. Bxd8 (25. Bb4 Bb6 {[%csl Rd4]})
25... Rxd8 26. Rd1 Rxd4 {and Black gradually brings home his extra pawn:} 27.
Nb3 Rd8 28. f3 Kf8 29. Kf2 Nd7 30. Be2 Ke7 31. Na5 Ba8 32. Rc1 Kd6 33. Ke3 Nb6
34. f4 Rc8 35. Rxc8 Nxc8 36. Kd4 Ne7 37. Bf3 Kc7 38. Nb3 Kb6 39. Ke5 $6 {
desperation} Ng6+ 40. Kd6 Nxf4 41. Nc5 (41. Ke7 f5 $1 42. exf5 Bxf3 43. gxf3
exf5 $19) 41... b4 42. h4 a5 43. g3 Nh3 44. Nd7+ Ka7 45. Kc5 f5 46. Kb5 fxe4
47. Bh5 e3 48. Kxa5 g6 49. Bg4 h5 50. Be2 Ng1 51. Bf1 e2 52. Bxe2 Nxe2 53. Nf8
Be4 54. Nxe6 Nxg3 55. Nf4 Kb7 56. Kxb4 Kc6 0-1

[Event "Olympiad-38"]
[Site "Dresden"]
[Date "2008.11.19"]
[Round "6"]
[White "Nisipeanu, Liviu Dieter"]
[Black "Topalov, Veselin"]
[Result "0-1"]
[WhiteElo "2684"]
[BlackElo "2791"]
[Annotator "Nisipeanu,LD"]
[PlyCount "56"]
[EventDate "2008.11.13"]
[EventType "team-swiss"]
[EventRounds "11"]
[EventCountry "GER"]
[SourceTitle "CBM 128"]
[Source "ChessBase"]
[SourceDate "2009.01.28"]
[SourceVersion "1"]
[SourceVersionDate "2009.01.28"]
[SourceQuality "1"]
[WhiteTeam "Romania"]
[BlackTeam "Bulgaria"]
[WhiteTeamCountry "ROU"]
[BlackTeamCountry "BUL"]

1. e4 c5 2. Nf3 d6 3. d4 cxd4 4. Nxd4 Nf6 5. Nc3 a6 6. Bc4 ({Finally I decided
to deviate from our 'private' duel in the line} 6. Be3 e5 7. Nde2 {in which we
have played 3 games so far with Veselin leading 2-1}) 6... e6 7. Bb3 Nbd7 ({
I had expected the main move} 7... b5) 8. Bg5 Qa5 9. Bxf6 Nxf6 10. O-O Be7 {
The first real surprise} ({In all my previous games, in this position the move
} 10... Nd7 {was played.}) 11. f4 Qc5 12. Kh1 b5 {All these moves are logical
and do not require any comments.} 13. a3 ({The critical line} 13. f5 e5 14. Nf3
Bb7 15. Qd3 b4 (15... O-O $5) 16. Nd5 Bxd5 17. Bxd5 Nxd5 18. exd5 O-O 19. Nd2
Rac8 20. Rac1 $13 {was also worth considering, but I was sure that my opponent
was prepared for this.}) 13... Bb7 ({I was, rather naively, hoping for} 13...
O-O $2 14. f5 e5 15. Nd5 $1 Ra7 16. Nxf6+ Bxf6 17. Ne2 $16) 14. Qd3 ({Bad is
the tempting} 14. Bxe6 $2 fxe6 15. Nxe6 Qc4 16. Nxg7+ Kf7 17. Nf5 Bxe4 $17)
14... g6 $5 {A very ambitious move, typical for Topalov.} (14... O-O 15. Rae1
Rfd8 $13) 15. f5 $5 {A no less ambitious move after which the board is on fire.
} (15. Rae1 O-O-O $13 {was probably the idea of 14...g6}) 15... gxf5 16. Nxf5
$1 {The only way to justify the previous move.} (16. exf5 $2 e5 {is a
positional nightmare for White.}) 16... exf5 17. Rxf5 d5 $1 ({I must admit
that the move} 17... Ng4 $6 {did not cross my mind during the game, but it
seems insufficient in view of} 18. Bxf7+ Kd8 19. Qg3 Ne5 20. Rd1 {with a
strong initiative to White.}) 18. exd5 $5 (18. Nxd5 Nxd5 19. Bxd5 Bxd5 20. exd5
{was suggested by Topalov after the game, but while it is probably sufficient
for maintaining the balance, it still looks quite tame to me.}) 18... Qd6 $1 {
A good, human move.} ({During the game I was calculating mainly} 18... Rg8 19.
Re1 $1 (19. Raf1 Rg6 20. Ne4 Nxe4 21. Qxe4 O-O-O 22. Rxf7 Bd6 {with unclear
play.}) 19... Kd8 $1 (19... Kf8 20. Qf1 $1 Qb6 (20... Kg7 21. Rxf6 Bxf6 22.
Qxf6+ Kxf6 23. Ne4+ $16) 21. Ne4 $36) 20. Qf1 $1 Qd6 21. Rxe7 Kxe7 22. Rxf6
Qxf6 23. d6+ Qxd6 24. Qxf7+ Kd8 25. Qxg8+ Kc7 26. Qf7+ {with perpetual.}) 19.
Raf1 Ng4 20. Qh3 ({I spent a lot of time calculating} 20. R1f4 Nh6 $1 (20...
Rg8 $2 21. Qe2 {is bad for Black.}) 21. Ne4 Nxf5 22. Nxd6+ Nxd6 23. Qe3 $13 {
it was not clear to me if White has an edge here.}) 20... Rg8 $1 ({Obviously
bad is} 20... h5 21. Ne4 Qh6 22. Rxf7 $16) 21. Ne4 $6 {A move made 'by hand'
which spoils an interesting game.} ({Best was} 21. Rxf7 O-O-O 22. R1f4 h5 23.
Qxh5 Ne5 24. Ne4 Nxf7 25. Nxd6+ Nxd6 $13 {but in timetrouble I would like to
play Black in such a position, alltough the engines give a clear edge to White.
}) 21... Qh6 $1 22. Qxh6 $2 ({Only the line} 22. Re1 $1 Qxh3 23. gxh3 Nh6 24.
Re5 Kd8 25. Rxe7 Kxe7 26. Nc5+ Kf8 27. Nxb7 {would have given some saving
chances to White.}) 22... Nxh6 $17 23. Re5 Kf8 24. h3 $6 ({I did not see} 24.
Rh5 Rg6 25. Rxh6 Rxh6 26. d6 f6 27. dxe7+ Kxe7 {but Black is close to winning
anyway.}) 24... Rg6 25. g4 Re8 26. Re1 Ng8 27. Nc5 Ba8 28. g5 $2 Rd8 0-1